000 00574nam a2200205Ia 4500
005 20250508165804.0
008 008 250505s9999 xx 000 0 eng d
020 _a978-1-74286-130-2
037 _aTextBook
040 _aFEDL
_beng
_cFEDL
041 _aeng
_2eng
084 _a301.095 4, THA/R
_qFEDL
100 _aThapar Romila
245 0 _aIndian society and the secular: Essays
260 _aNew Delhi, India
_bThree Essays
_c2016
300 _axiii, 285p.
365 _aINR
_b500
942 _cTB
_h301.095 4, THA/R
999 _c1397469
_d1397469